[Event "GER-chT U16"]
[Site "Kiel"]
[Date "2022.07.24"]
[Round "3.3"]
[White "Korek, Jakob Alexander"]
[Black "Korr, Soeren"]
[Result "1-0"]
[WhiteElo "1611"]
[BlackElo "1255"]
[PlyCount "67"]
[EventDate "2022.07.22"]
[EventType "team-swiss"]
[EventRounds "7"]
[EventCountry "GER"]
[SourceTitle "CBM 209 Extra"]
[Source "ChessBase"]
[SourceDate "2022.09.30"]
[SourceVersion "1"]
[SourceVersionDate "2022.09.30"]
[SourceQuality "1"]
[WhiteTeam "Koenigsjaeger Sued West"]
[BlackTeam "Eilendorf Arminia"]
[WhiteTeamCountry "GER"]
[BlackTeamCountry "GER"]

1. d4 d5 2. c4 e6 3. Nf3 Nf6 4. g3 Nbd7 5. Bg2 c6 6. 0-0 Bd6 7. Qc2 0-0 8. Nc3 dxc4 9. e4 Bc7 10. Bg5 h6 11. Be3 b5 12. Rfd1 Bb7 13. Ne1 a6 14. a4 Nb6 15. axb5 cxb5 16. d5 exd5 17. Bxb6 Bxb6 18. Nxd5 Ba7 19. Rd2 Qd6 20. Rad1 Rad8 21. Nf3 Nxd5 22. exd5 Rd7 23. Qc3 f6 24. Nh4 Qe5 25. Qc2 Rfd8 26. Ng6 Qc7 27. Bh3 Rd6 28. Be6+ Rxe6 29. dxe6 Rxd2 30. Rxd2 Bb6 31. e7 Qc6 32. Rd8+ Bxd8 33. exd8Q+ Kh7 34. Qh8# 1-0

[Event "GER-chT U12"]
[Site "Magdeburg"]
[Date "2018.12.29"]
[Round "6.2"]
[White "Eull, Emil"]
[Black "Korr, Soeren"]
[Result "1/2-1/2"]
[WhiteElo "1526"]
[BlackElo "1143"]
[PlyCount "86"]
[EventDate "2018.12.27"]
[EventType "team-swiss"]
[EventRounds "7"]
[EventCountry "GER"]
[SourceTitle "CBM 188 Extra"]
[Source "ChessBase"]
[SourceDate "2019.02.26"]
[SourceVersion "1"]
[SourceVersionDate "2019.02.26"]
[SourceQuality "1"]
[WhiteTeam "Neuberg"]
[BlackTeam "Eilendorf Arminia"]
[WhiteTeamCountry "GER"]
[BlackTeamCountry "GER"]

1. e4 e5 2. Nf3 Nc6 3. d4 exd4 4. Nxd4 Bc5 5. Be3 Bb6 6. Bc4 d6 7. 0-0 Nf6 8. Nc3 0-0 9. Kh1 Qe7 10. f3 Be6 11. Nxe6 fxe6 12. Bxb6 axb6 13. Ne2 Kh8 14. Nf4 e5 15. Nd5 Nxd5 16. Bxd5 Na5 17. a3 Rad8 18. Qd3 Rf6 19. Qc3 Qe8 20. b4 Nc6 21. Bxc6 Qxc6 22. Qxc6 bxc6 23. c4 Rf7 24. Ra2 Kg8 25. Kg1 g6 26. a4 Kg7 27. Rb1 Kf6 28. a5 Ra8 29. Rba1 Rff8 30. axb6 Rxa2 31. Rxa2 cxb6 32. Ra7 Rf7 33. Rxf7+ Kxf7 34. Kf2 Ke6 35. Ke3 h6 36. Kd3 g5 37. g4 c5 38. Kc3 Kd7 39. Kb3 Kc7 40. Ka4 Kc6 41. h3 Kc7 42. bxc5 dxc5 43. Kb5 Kb7 1/2-1/2

[Event "GER-chT U10"]
[Site "Magdeburg"]
[Date "2016.12.29"]
[Round "6.1"]
[White "Korr, Soeren"]
[Black "Haenselmann, Hendrik"]
[Result "1-0"]
[WhiteElo "996"]
[BlackElo "1329"]
[PlyCount "41"]
[EventDate "2016.12.27"]
[EventType "team-swiss"]
[EventRounds "7"]
[EventCountry "GER"]
[SourceTitle "EXT 2018"]
[Source "ChessBase"]
[SourceDate "2017.10.13"]
[SourceVersion "1"]
[SourceVersionDate "2017.10.13"]
[SourceQuality "1"]
[WhiteTeam "Eilendorf Arminia"]
[BlackTeam "Karlsruhe SF"]
[WhiteTeamCountry "GER"]
[BlackTeamCountry "GER"]

1. e4 c5 2. Nf3 a6 3. d4 cxd4 4. Nxd4 Nf6 5. Nc3 e5 6. Nf3 Bb4 7. Bd2 Nc6 8. Bc4 b5 9. Bd5 Bb7 10. 0-0 d6 11. Qe1 0-0 12. Bg5 Bxc3 13. Qxc3 Nxd5 14. exd5 b4 15. Bxd8 bxc3 16. dxc6 Bxc6 17. Be7 cxb2 18. Rab1 Rfc8 19. Rxb2 Bxf3 20. gxf3 Rc6 21. Rfb1 1-0

[Event "GER-chT U10"]
[Site "Magdeburg"]
[Date "2016.12.28"]
[Round "4.1"]
[White "Kuppe, Eugen"]
[Black "Korr, Soeren"]
[Result "0-1"]
[WhiteElo "1184"]
[BlackElo "996"]
[PlyCount "74"]
[EventDate "2016.12.27"]
[EventType "team-swiss"]
[EventRounds "7"]
[EventCountry "GER"]
[SourceTitle "EXT 2018"]
[Source "ChessBase"]
[SourceDate "2017.10.13"]
[SourceVersion "1"]
[SourceVersionDate "2017.10.13"]
[SourceQuality "1"]
[WhiteTeam "Halle Roter Turm"]
[BlackTeam "Eilendorf Arminia"]
[WhiteTeamCountry "GER"]
[BlackTeamCountry "GER"]

1. c4 e5 2. Nc3 Nc6 3. g3 Bc5 4. Bg2 d6 5. Nf3 Nf6 6. d3 Bf5 7. 0-0 0-0 8. Bd2 Qd7 9. Re1 Rfe8 10. Qb3 Rab8 11. Nh4 Bh3 12. Bh1 Be6 13. Ne4 Nxe4 14. Bxe4 Nd4 15. Qc3 Nf5 16. Nxf5 Bxf5 17. Bh1 Bd4 18. Qb3 e4 19. dxe4 Bxe4 20. Bxe4 Rxe4 21. Qd3 Qf5 22. Rf1 Bb6 23. Kg2 Qg6 24. f3 Re6 25. Rfe1 Rbe8 26. Kf1 Qh5 27. h4 Rf6 28. Bc3 Rg6 29. Kg2 Qxh4 30. f4 Re3 31. Qxe3 Bxe3 32. Kf3 Qxg3+ 33. Ke4 f5+ 34. Kd3 Qxf4 35. Kc2 Qe4+ 36. Kb3 d5 37. cxd5 Rb6+ 0-1

[Event "GER-chT U10"]
[Site "Magdeburg"]
[Date "2015.12.27"]
[Round "1.2"]
[White "Menzner, Paul"]
[Black "Korr, Soeren"]
[Result "0-1"]
[WhiteElo "1007"]
[BlackElo "887"]
[PlyCount "40"]
[EventDate "2015.12.27"]
[EventType "team-swiss"]
[EventRounds "7"]
[EventCountry "GER"]
[SourceTitle "EXT 2017"]
[Source "ChessBase"]
[SourceDate "2016.10.25"]
[SourceVersion "1"]
[SourceVersionDate "2016.10.25"]
[SourceQuality "1"]
[WhiteTeam "Vaterstetten"]
[BlackTeam "Eilendorf Arminia"]
[WhiteTeamCountry "GER"]
[BlackTeamCountry "GER"]

1. e4 e5 2. Nf3 Nc6 3. Bc4 Bc5 4. 0-0 Nf6 5. Nc3 0-0 6. b4 Bb6 7. b5 Ne7 8. Nxe5 Bd4 9. Nf3 Bxc3 10. dxc3 h6 11. e5 Ne4 12. Qd4 d5 13. Rd1 c6 14. bxc6 bxc6 15. Bd3 Bb7 16. Rb1 Rb8 17. Bxe4 dxe4 18. Qxd8 Rfxd8 19. Nd2 Nd5 20. Nxe4 f5 0-1